LEADER 01361nam a2200337 u 4500 001 000000064613 003 CaOOAMICUS 005 20070226121357.0 008 011121s1998 it u000 u ita u 020 $a8820728206 035 $a10910834 040 $aPUL$bita 041 1 $aita$hfre 100 1 $aGodbout, Jacques T.$0(OLS)http://pul/name/43638 245 12$aL'esperienza del dono :$bnella famiglia e con gli estranei /$cJacques T. Godbout. 260 $aNapoli :$bLiguori,$cc1998. 300 $aviii, 152 p. ;$c21 cm 490 1 $aServizio sociale ;$v10 490 1 $aFormazione 504 $aBibliografia in nota. 650 4$aFamiglia (sociologia).$0(OLS)http://pul/subject/6282 700 1 $aGodbout, Jacques T.$0(OLS)http://pul/name/43638 830 0$aServizio sociale (Liguori) ;$v10.$0(OLS)http://pul/title/65697 830 0$aFormazione (Liguori).$0(OLS)http://pul/title/65698 850 $aPUL 852 $aPUL$W1$xSL Religione 2$y84$mRH A 19$j83744$nBK-PRI$b $qStampati altre collocazioni$B83744$CPULBib$Z2$F83744 $H $81 941 1 $a10 961 $aINV: 86030 996 $6020$a8820728206$9(OLS)http://pul/number/83859 996 $6245$aL'esperienza del dono :$bnella famiglia e con gli estranei$9(OLS)http://pul/title/86078 996 $6260$aNapoli :$bLiguori$9(OLS)http://pul/publisher/48007 LEADER 01090naa a2200205 u 4500 001 000000100917 003 CaOOAMICUS 005 20070226130205.0 008 051205s1988 it u000 u ita u 035 $a11071373 040 $aIAR$bita 100 1 $aLucioni, Alfredo.$0(OLS)http://pul/name/3999 245 10$a[Recensione :] L'Italia nel quadro dell'espansione europea del monachesimo cluniacense; Atti del Convegno Internazionale di storia medievale (Pescia, 26-28 novembre 1981) /$c[Alfredo Lucione]. 260 $a[Milano :$bVita e pensiero],$c[1988] 300 $aS. 380-385 ;$c25 cm 630 04$aItalia nel quadro dell'espansione europea del monachesimo cluniacense.$0(OLS)http://pul/subject/32454 730 0 $aAevum$g[Spogli].$0(OLS)http://pul/title/11692 773 0 $tAevum$k62 (1988)$w()8026 996 $6245$a[Recensione :] L'Italia nel quadro dell'espansione europea del monachesimo cluniacense; Atti del Convegno Internazionale di storia medievale (Pescia, 26-28 novembre 1981)$9(OLS)http://pul/title/127816 996 $6260$a[Milano :$bVita e pensiero]$9(OLS)http://pul/publisher/79155